|
|
|
|
| LEADER |
00920nam a2200277 4500 |
| 001 |
DLU090084162 |
| 005 |
##20091104 |
| 040 |
# |
# |
|a DLU
|b vie
|
| 041 |
# |
# |
|a vie
|
| 044 |
# |
# |
|a vn
|
| 100 |
# |
# |
|a Phạm Văn Lang,
|c GS.TSKH.
|
| 245 |
# |
# |
|a So sánh đánh giá các liên hợp máy thu hoạch trong điều kiện sản xuất ở đồng bằng sông cửu Long /
|c Phạm Văn Lang, Phạm Hồng Sơn.
|
| 653 |
# |
# |
|a Công nghiệp nông thôn
|
| 653 |
# |
# |
|a Khí cụ nông nghiệp
|
| 653 |
# |
# |
|a Nông cụ
|
| 700 |
# |
# |
|a Phạm Hồng Sơn.
|
| 773 |
# |
# |
|t Nông nghiệp và phát triển nông thôn
|g Số 6(123), 2008, tr. 3-
|
| 920 |
# |
# |
|a Phòng Tạp chí -- Trung tâm Thông tin - Thư viện Trường Đại học Đà Lạt
|
| 994 |
# |
# |
|a DLU
|
| 900 |
# |
# |
|a True
|
| 911 |
# |
# |
|a Nguyễn Thị Linh Chi
|
| 925 |
# |
# |
|a G
|
| 926 |
# |
# |
|a A
|
| 927 |
# |
# |
|a BB
|
| 980 |
# |
# |
|a Thư viện Trường Đại học Đà Lạt
|